| 000 | 00792nam a2200253Ia 4500 | ||
|---|---|---|---|
| 003 | OSt | ||
| 005 | 20220131155012.0 | ||
| 008 | 210716s2009 xx 000 0 und d | ||
| 020 | _a9788131719794 | ||
| 040 | _cAIMIT LIBRARY | ||
| 041 | _aeng | ||
| 082 |
_a332.1 _23 _bFABF |
||
| 100 |
_aFabozzi, Frank J. _915253 |
||
| 245 |
_aCapital markets : _binstitutions and instruments / _cBy Frank J Fabozzi, Franco Modigliani and Frank J Jones. |
||
| 250 | _a3rd ed. | ||
| 260 |
_aNew Delhi: _bPearson Education _c2008. |
||
| 300 |
_a656p. ; _c25cm. |
||
| 650 |
_aRisk and return theories _915254 |
||
| 650 |
_aDerivatives markets _915255 |
||
| 650 |
_athe equity market _915256 |
||
| 700 |
_aModigliani, Franco. _915257 |
||
| 700 |
_aJones, Frank J. _915258 |
||
| 942 |
_2ddc _cBK _e3 _k332.1 FABF |
||
| 999 |
_c206512 _d206512 |
||